000 00481nam a2200181Ia 4500
001 13278
005 20260306163042.0
008 260306t2001||||xx |||||||||||||| ||spa||
041 _aESP
082 _a001.42
_bI26
100 _aIcart i Isern, María Teresa
_eAUT
245 0 _aElaboración y presentación de un proyecto de investigación y una tesina
260 _c2001
300 _a141 páginas :
_c30 cm.
650 _aGEN
654 _aCHU
942 _cLIB
_dJUS
_fJUS
_2ddc
_n
999 _c13278
_d13278